| 000 | 01906cam a22003618i 4500 | ||
|---|---|---|---|
| 001 | 20229848 | ||
| 005 | 20250316192049.0 | ||
| 008 | 171222s2018 enk 001 0 eng | ||
| 010 | _a 2017060646 | ||
| 020 | _a9781292147215 (print) | ||
| 020 | _z9781292165363 (pdf) | ||
| 020 | _z9781292165370 (epub) | ||
| 040 |
_aDLC _beng _erda _cDLC |
||
| 042 | _apcc | ||
| 043 | _ae-uk-en | ||
| 050 | 0 | 0 |
_aKD1629.6 _b.M33 2018 |
| 082 | 0 | 0 |
_a346.4207 _223 |
| 100 | 1 |
_aMacIntyre, Ewan, _eauthor. _990036 |
|
| 245 | 1 | 0 |
_aEssentials of business law / _cEwan MacIntyre, Senior Lecturer, Nottingham Law School, Nottingham Trent University. |
| 250 | _aSixth edition. | ||
| 263 | _a1801 | ||
| 264 | 1 |
_aHarlow, United Kingdom ; _aNew York : _bPearson, _c2018. |
|
| 300 | _apages cm | ||
| 336 |
_atext _btxt _2rdacontent |
||
| 337 |
_aunmediated _bn _2rdamedia |
||
| 338 |
_avolume _bnc _2rdacarrier |
||
| 500 | _aIncludes index. | ||
| 505 | 0 | _aThe legal system -- Making a contract -- The terms of the contract -- Misrepresentation, mistake, duress and illegality -- Discharge of contracts and remedies for breach -- Agency -- The sale of goods act 1979 -- The tort of negligence -- Nuisance, trespass, defamation and vicarious liability -- Companies (1): characteristics and formation -- Companies (2): management, control and winding up -- Partnership, limited liability partnership and choice of legal status -- Employment (1): the contract of employment, employment rights and dismissal -- Employment (2): discrimination and health and safety -- Regulation of business by the criminal law -- Credit transactions and intellectual property rights -- The resolution of business disputes. | |
| 650 | 0 |
_aCommercial law _zEngland. _990037 |
|
| 906 |
_a7 _bcbc _corignew _d1 _eecip _f20 _gy-gencatlg |
||
| 942 |
_2ddc _cBK |
||
| 999 |
_c613353 _d613353 |
||